Optimálna finančná štruktúra podnikateľského subjektu dizertačná práca

Salvato in:
Dettagli Bibliografici
Autore principale: Polavková, Jana
Ente Autore: Národohospodárska fakulta EU. Katedra bankovníctva a medzinárodných financií
Altri autori: Sivák, Rudolf, 1955-
Natura: Libro
Lingua:slovacco
Pubblicazione: Bratislava 1999
Soggetti:
Tags: Aggiungi Tag
Nessun Tag, puoi essere il primo ad aggiungerne!!

MARC

LEADER 00000nam$a2200000$$$4500
001 0054931
005 20240104091733.7
041 0 |a slo 
044 |a SK 
245 1 0 |a Optimálna finančná štruktúra podnikateľského subjektu  |b dizertačná práca  |c Jana Polavková ; školiteľ: Rudolf Sivák 
264 1 |a Bratislava  |c 1999 
300 |a 123 s. 
610 2 0 |a štruktúra kapitálová 
610 2 0 |a zdroje finančné 
610 2 0 |a modely analytické ekonometrické 
610 2 0 |a podnik 
610 2 0 |a Slovensko 
610 2 0 |a štruktúra dát 
610 2 0 |a analýzy 
100 1 |a Polavková, Jana 
700 1 |a Sivák, Rudolf, 1955- 
710 2 |a Národohospodárska fakulta EU. Katedra bankovníctva a medzinárodných financií